| 000 | 00362cam a22001097a 4500 | ||
|---|---|---|---|
| 008 | 180718b1978 xxu||||| |||| 00| 0 eng d | ||
| 082 | _aF8065x54114 L/1978 | ||
| 245 |
_a1978 general election to Mizoram Legislative Assembly _cby Election Department, Mizoram |
||
| 260 |
_aAizawl _bElection Department _c1978 |
||
| 300 | _a8p. | ||
| 700 | _aMizoram. Election Department | ||
| 999 |
_c490524 _d490524 |
||